000 00639nam a2200193Ia 4500
003 GCL
008 140319s9999 xx 000 0 ara d
040 _aGCL /
_cGCL
082 0 4 _a939.41
_bر د
100 1 _aربيع القيسى
245 1 0 _aدراسة ميدانية لمسوحات مواقع اثرية فى شطرى القطر اليمانى /
_cربيع القيسى
700 1 _aصباح الشكرى
260 _a[S.N] :
_bوزارة الثقافة والاعلام ،
_c1981
300 _a143 ص
490 _a
650 0 4 _aالاثار - اليمن
650 0 4 _aاليمن القديم - اثار
942 _2ddc
_cBK
999 _c35895
_d35895